Ken turns developers red (Record no. 65166)

MARC details
000 -LEADER
fixed length control field 01511cam a2200217 4500
001 - CONTROL NUMBER
control field ABS63068
008 - FIXED-LENGTH DATA ELEMENTS--GENERAL INFORMATION
fixed length control field 000000n2000 000 0 eng u
035 ## - SYSTEM CONTROL NUMBER
System control number (Sirsi) u109145
100 ## - MAIN ENTRY--PERSONAL NAME
Personal name Minton, A.
245 ## - TITLE STATEMENT
Title Ken turns developers red
260 ## - PUBLICATION, DISTRIBUTION, ETC.
Date of publication, distribution, etc. 2000
490 ## - SERIES STATEMENT
Series statement Estates Gazette
Volume/sequential designation (0043) 28 October 2000, 89-91(3)
520 ## - SUMMARY, ETC.
Summary, etc. Looks at the activities of Mayor Ken Livingston and where he influences the planning process. The Mayor's powers include responsibility for leading London's Spatial Development Strategy (SDS) - the all-encompassing development plan for the capital due out in 2002. The SDS will administer housing as well as economic development, transport, town centres, central London and the environment in general. Gives details of eight strategies currently being prepared, which will feed into the SDS. Discusses additional strategies, including the proposal, unpopular with developers, that the SDS will ensure that 40-50% of all new homes will be affordable. Also looks at the likely effects of the Mayor's other key power, which allows him to refuse proposals for major planning applications. Suggests we are likely to see more schemes like St George's Imperial Wharf scheme, which includes 185 affordable homes and 850 private units. Diagram.
590 ## - LOCAL NOTE (RLIN)
Local note ABS
650 ## - SUBJECT ADDED ENTRY--TOPICAL TERM
Topical term or geographic name entry element LONDON
650 ## - SUBJECT ADDED ENTRY--TOPICAL TERM
Topical term or geographic name entry element MAYOR
650 ## - SUBJECT ADDED ENTRY--TOPICAL TERM
Topical term or geographic name entry element SPATIAL DEVELOPMENT STRATEGY
650 ## - SUBJECT ADDED ENTRY--TOPICAL TERM
Topical term or geographic name entry element PLANNING POLICY
690 ## - LOCAL SUBJECT ADDED ENTRY--TOPICAL TERM (OCLC, RLIN)
Topical term or geographic name as entry element ENVIRONMENTAL AND LAND CONSULTANCY-PLANNING AND DEVELOPMENT
942 ## - ADDED ENTRY ELEMENTS (KOHA)
Suppress in OPAC 0
Holdings
Withdrawn status Lost status Source of classification or shelving scheme Damaged status Not for loan Home library Current library Shelving location Date acquired Total Checkouts Full call number Barcode Date last seen Copy number Price effective from Koha item type
    Dewey Decimal Classification     London London Journal article 03/11/2000   ABS63068 109145-1001 06/08/2019 1 06/08/2019 Journal article